[Event "Warsaw YMCA Spring-A 273rd"]
[Site "Warsaw"]
[Date "2023.06.15"]
[Round "10"]
[White "Jaroszuk, Marcin"]
[Black "Bartczak, Hanna"]
[Result "1-0"]
[WhiteElo "1545"]
[BlackElo "1455"]
[PlyCount "97"]
[EventDate "2023.04.13"]
[EventType "tourn"]
[EventRounds "11"]
[EventCountry "POL"]
[SourceTitle "EXT 2024"]
[Source "ChessBase"]
[SourceDate "2023.10.10"]
[SourceVersion "1"]
[SourceVersionDate "2023.10.10"]
[SourceQuality "1"]

1. Nf3 d5 2. g3 c6 3. Bg2 e6 4. 0-0 Bd6 5. d3 e5 6. e4 dxe4 7. dxe4 Nf6 8. Qe2 0-0 9. Rd1 Qe7 10. Nbd2 Na6 11. Nc4 Bc7 12. h3 b5 13. Ncd2 Nc5 14. b3 a5 15. Bb2 Ba6 16. Nh2 Ncd7 17. Nhf1 Qc5 18. Ne3 b4 19. Qe1 Nb6 20. a4 Rad8 21. Ndf1 Nfd7 22. Bf3 Nf6 23. Rac1 Qe7 24. Nf5 Qe6 25. Qe3 Nc8 26. Qg5 g6 27. N1e3 Kh8 28. Ng4 Nxg4 29. hxg4 gxf5 30. gxf5 f6 31. fxe6 fxg5 32. Bg4 Ne7 33. Bh5 Bc8 34. Bf7 g4 35. Kg2 Kg7 36. Rh1 Rh8 37. Rh5 Kf6 38. Rh6+ Kg7 39. Rch1 Rd2 40. Bc1 Rxc2 41. Bg5 Ng8 42. Bxg8 Kxg8 43. Bf6 Bb6 44. Rf1 Ba6 45. e7 Bxf1+ 46. Kxf1 Rxf2+ 47. Ke1 Rxf6 48. e8Q+ Rf8 49. Rg6+ 1-0

[Event "Warsaw YMCA Spring-A 273rd"]
[Site "Warsaw"]
[Date "2023.05.18"]
[Round "6"]
[White "Pasternak Winiarski, Adam"]
[Black "Jaroszuk, Marcin"]
[Result "1-0"]
[WhiteElo "1592"]
[BlackElo "1545"]
[PlyCount "111"]
[EventDate "2023.04.13"]
[EventType "tourn"]
[EventRounds "11"]
[EventCountry "POL"]
[SourceTitle "EXT 2024"]
[Source "ChessBase"]
[SourceDate "2023.10.10"]
[SourceVersion "1"]
[SourceVersionDate "2023.10.10"]
[SourceQuality "1"]

1. e4 e5 2. Nf3 Nc6 3. Bb5 a6 4. Ba4 d6 5. 0-0 Bg4 6. h3 h5 7. Bxc6+ bxc6 8. d4 Qf6 9. Nbd2 exd4 10. Re1 Be7 11. hxg4 hxg4 12. Nh2 Rxh2 13. Kxh2 Qxf2 14. Nf1 Nf6 15. Qe2 Qh4+ 16. Kg1 g3 17. Qf3 Nh5 18. Qf5 Qf6 19. Bd2 Qxf5 20. exf5 Kd7 21. Re4 Bf6 22. Be1 Rb8 23. Rb1 Rb5 24. Nxg3 Nxg3 25. Bxg3 Rxf5 26. Rf1 Rb5 27. b3 Rc5 28. Re2 Rh5 29. Rf3 c5 30. Be1 Kc6 31. Re8 Kb5 32. a4+ Kc6 33. Rg8 Kb7 34. Rf8 Re5 35. Kf1 Re7 36. Rf4 Kc6 37. Bh4 g5 38. Rxf6 gxh4 39. R8xf7 Re3 40. Rf3 d5 41. R7f6+ Kb7 42. Rxe3 dxe3 43. Ke2 d4 44. Rh6 c6 45. a5 Kc7 46. Rxh4 Kd6 47. Re4 Kd5 48. Kd3 c4+ 49. bxc4+ Kc5 50. g4 Kb4 51. g5 c5 52. g6 Kxa5 53. g7 Ka4 54. g8Q Kb4 55. Qb8+ Ka5 56. Re5 1-0

[Event "Warsaw YMCA Spring-A 273rd"]
[Site "Warsaw"]
[Date "2023.04.20"]
[Round "2"]
[White "Emmel, Bartosz"]
[Black "Jaroszuk, Marcin"]
[Result "1-0"]
[WhiteElo "1475"]
[BlackElo "1545"]
[PlyCount "76"]
[EventDate "2023.04.13"]
[EventType "tourn"]
[EventRounds "11"]
[EventCountry "POL"]
[SourceTitle "EXT 2024"]
[Source "ChessBase"]
[SourceDate "2023.10.10"]
[SourceVersion "1"]
[SourceVersionDate "2023.10.10"]
[SourceQuality "1"]

1. e4 b6 2. d4 Bb7 3. Bd3 e6 4. c4 Bb4+ 5. Nc3 Nf6 6. Qe2 d6 7. Nf3 e5 8. a3 Bxc3+ 9. bxc3 Nbd7 10. 0-0 Qe7 11. Rb1 0-0-0 12. c5 dxc5 13. d5 c4 14. Bxc4 Nc5 15. Nd2 c6 16. dxc6 Bxc6 17. f3 h6 18. Nb3 Nfd7 19. Ba6+ Bb7 20. Bxb7+ Kxb7 21. Be3 Nxb3 22. Rxb3 Nc5 23. Rb2 Na4 24. Rb4 Nxc3 25. Qb2 Nd1 26. Bxb6 axb6 27. Rxb6+ Ka7 28. Qb5 Qxa3 29. Rb7+ Ka8 30. Rxf7 Qe3+ 31. Kh1 Nf2+ 32. Rxf2 Rd1+ 33. Rf1 Rxf1+ 34. Qxf1 Qa3 35. Qd1 Qa5 36. h3 Rd8 37. Qb3 Rb8 38. Qe6 Qe1+ 1-0

[Event "Warsaw YMCA Autumn-B 265th"]
[Site "Warsaw"]
[Date "2022.12.07"]
[Round "11"]
[White "Jaroszuk, Marcin"]
[Black "Bartczak, Hanna"]
[Result "1/2-1/2"]
[WhiteElo "1495"]
[BlackElo "1501"]
[PlyCount "95"]
[EventDate "2022.09.28"]
[EventType "tourn"]
[EventRounds "13"]
[EventCountry "POL"]
[SourceTitle "EXT 2024"]
[Source "ChessBase"]
[SourceDate "2023.10.10"]
[SourceVersion "1"]
[SourceVersionDate "2023.10.10"]
[SourceQuality "1"]

1. Nf3 c5 2. g3 Nc6 3. d4 cxd4 4. Nxd4 g6 5. Bg2 Bg7 6. Nxc6 bxc6 7. 0-0 Bb7 8. c4 Nf6 9. Nc3 0-0 10. Bf4 Nh5 11. Be3 Nf6 12. Qc2 Qc7 13. Rac1 d6 14. Rfd1 c5 15. Nb5 Qb6 16. Bxb7 Qxb7 17. Nc3 Ng4 18. Bd2 Bd4 19. e3 Qf3 20. Be1 Bg7 21. b3 Ne5 22. Qe4 Qxe4 23. Nxe4 Nf3+ 24. Kg2 Nxe1+ 25. Rxe1 a5 26. Nc3 Bxc3 27. Rxc3 a4 28. e4 axb3 29. axb3 f6 30. Re2 Ra3 31. f4 Rb8 32. Rb2 Rb4 33. Kf3 Kf7 34. Ke3 e6 35. Ke2 h5 36. Rd3 Ke7 37. Rbd2 Rb6 38. e5 fxe5 39. fxe5 dxe5 40. Re3 Kf6 41. Rd8 Raxb3 42. Rc8 Kf5 43. Rf8+ Kg4 44. Re4+ Kh3 45. Rh4+ Kg2 46. Rf2+ Kg1 47. Rf1+ Kg2 48. Rf2+ 1/2-1/2

[Event "Warsaw YMCA Summer-B 245th"]
[Site "Warsaw"]
[Date "2021.08.06"]
[Round "8"]
[White "Jaroszuk, Marcin"]
[Black "Sloniewska, Alicja"]
[Result "1/2-1/2"]
[WhiteElo "1583"]
[BlackElo "1614"]
[PlyCount "63"]
[EventDate "2021.06.30"]
[EventType "tourn"]
[EventRounds "10"]
[EventCountry "POL"]
[SourceTitle "EXT 2022"]
[Source "ChessBase"]
[SourceDate "2021.10.06"]
[SourceVersion "1"]
[SourceVersionDate "2021.10.06"]
[SourceQuality "1"]

1. d4 d5 2. c4 e6 3. Nf3 Nf6 4. g3 Be7 5. Bg2 0-0 6. 0-0 c6 7. Nc3 Nbd7 8. Ne5 Nxe5 9. dxe5 Nd7 10. cxd5 exd5 11. e4 dxe4 12. Bxe4 Nxe5 13. Bxh7+ Kxh7 14. Qh5+ Kg8 15. Qxe5 Bf6 16. Qh5 g6 17. Qf3 Bg7 18. Be3 Be6 19. Rad1 Qc8 20. Qe4 Re8 21. Qh4 Bh3 22. Rfe1 Bg4 23. Rc1 Re5 24. Bg5 Rxe1+ 25. Rxe1 Qf5 26. Re4 Bf3 27. Rf4 Qd3 28. Qh3 Re8 29. Qf1 Qxf1+ 30. Kxf1 Bd5 31. Nxd5 cxd5 32. Bf6 1/2-1/2

[Event "Warsaw YMCA Summer-B 245th"]
[Site "Warsaw"]
[Date "2021.07.20"]
[Round "5"]
[White "Okurowski, Michal"]
[Black "Jaroszuk, Marcin"]
[Result "1/2-1/2"]
[WhiteElo "1632"]
[BlackElo "1583"]
[PlyCount "40"]
[EventDate "2021.06.30"]
[EventType "tourn"]
[EventRounds "10"]
[EventCountry "POL"]
[SourceTitle "EXT 2022"]
[Source "ChessBase"]
[SourceDate "2021.10.06"]
[SourceVersion "1"]
[SourceVersionDate "2021.10.06"]
[SourceQuality "1"]

1. e4 e5 2. Nf3 Nc6 3. Bc4 Nf6 4. d3 Be7 5. Nc3 d6 6. h3 0-0 7. a3 Kh8 8. Ng5 Qe8 9. f4 exf4 10. Bxf4 Ne5 11. Bb3 h6 12. Nf3 Nxf3+ 13. Qxf3 Be6 14. Nd5 Nxd5 15. exd5 Bd7 16. 0-0-0 Qd8 17. g3 Bg5 18. h4 Bxf4+ 19. Qxf4 f5 20. Rde1 Qf6 1/2-1/2